Sea Turtle Species - Statistics

General Stats
  • This quiz has been taken 161 times
  • The average score is 5 of 7
Answer Stats
Superfamily Family Subfamily Genus Species Common name % Correct
Cheloniinae Chelonia Mydas Green sea turtle
97%
Dermochelyidae Dermochelyinae Dermochelys Coriacea Leatherback sea turtle
95%
Chelonioidea Cheloniidae Carettinae Caretta Caretta Loggerhead sea turtle
79%
Eretmochelys Imbricata Hawksbill sea turtle
71%
Olivacea Olive ridley sea turtle
62%
Lepidochelys Kempii Kemp's ridley sea turtle
61%
Natator Depressus Flatback sea turtle
40%
No matching quizzes found
Score Distribution
Percent of People with Each Score
Percentile by Number Answered
Your Score History
You have not taken this quiz